The Cambridge companion to modern Italian culture / (Record no. 5408)
[ view plain ]
| 000 -LEADER | |
|---|---|
| fixed length control field | 02922nac a22003851i 4500 |
| 003 - CONTROL NUMBER IDENTIFIER | |
| control field | EG-ScBUE |
| 005 - DATE AND TIME OF LATEST TRANSACTION | |
| control field | 20240404105201.0 |
| 008 - FIXED-LENGTH DATA ELEMENTS--GENERAL INFORMATION | |
| fixed length control field | 240404s2001 enkab f b 001 0 eng d |
| 020 ## - INTERNATIONAL STANDARD BOOK NUMBER | |
| International Standard Book Number | 9780521559829 |
| 020 ## - INTERNATIONAL STANDARD BOOK NUMBER | |
| International Standard Book Number | 0521559820 (pb.) |
| 040 ## - CATALOGING SOURCE | |
| Original cataloging agency | EG-ScBUE |
| Language of cataloging | eng |
| Description conventions | rda |
| Transcribing agency | EG-ScBUE |
| Modifying agency | EG-ScBUE |
| 082 04 - DEWEY DECIMAL CLASSIFICATION NUMBER | |
| Classification number | 945.08 |
| Item number | CAM |
| Edition number | 22 |
| 245 04 - TITLE STATEMENT | |
| Title | The Cambridge companion to modern Italian culture / |
| Statement of responsibility, etc | edited by Zygmunt G. Barański and Rebecca J. West. |
| 246 30 - VARYING FORM OF TITLE | |
| Title proper/short title | Modern Italian culture |
| 264 #1 - PUBLICATION, DISTRIBUTION, ETC. (IMPRINT) | |
| Place of publication, distribution, etc | Cambridge, U.K. ; |
| -- | New York : |
| Name of publisher, distributor, etc | Cambridge University Press, |
| Date of publication, distribution, etc | 2001. |
| 300 ## - PHYSICAL DESCRIPTION | |
| Extent | xix, 363 pages : |
| Other physical details | illustrations, maps ; |
| Dimensions | 24 cm |
| 336 ## - CONTENT TYPE | |
| Source | rdacontent |
| Content type term | text |
| Content type code | txt |
| 337 ## - MEDIA TYPE | |
| Media type term | unmediated |
| Source | rdamedia |
| Media type code | n |
| 338 ## - CARRIER TYPE | |
| Carrier type term | volume |
| Carrier type code | nc |
| Source | rdacarrier |
| 504 ## - BIBLIOGRAPHY, ETC. NOTE | |
| Bibliography, etc | Includes bibliographical references and index. |
| 505 8# - FORMATTED CONTENTS NOTE | |
| Formatted contents note | Machine generated contents note: 1 The notion of Italy 17 -- ,JOHN DICKIE -- 2 Social and political cultures in Italy from 1860 to the present day 35 -- ANNA CENTO BULL -- 3 Questions of language 63 -- BRIAN RICHARDSON -- 4 Intellectuals, culture and power in modern Italy 81 -- DAVID WARD -- 5 Catholicism 97 -- PERCY ALLUM -- 6 Socialism, Communism and other 'isms' 113 -- ROBERT S. DOMBROSKI -- 7 other voices: contesting the status quo 131 -- SHARON WOOD and JOSEPH FARRELL -- :8 Narratives of self and society 151 -- GIAN-PAOLO BIASIN -- 9 Searching for new languages: modern Italian poetry 173 -- SHIRLEY W. VINALL and TOM O'NEILL -- lo Drama: realism, identity and reality on stage 197 -- ANN LAURA LEPSCHY -- 11 Italian cinema 215 -- PETER BONDANELLA -- 12 Art in modern Italy: from the Macchiaioli to the -- Transavanguardia 243 -- EUGENIA PAULICELLI -- 13 A modern identity for a new nation: design in Italy since 1860 265 -- PENNY SPARKE -- 14 Fashion: narration and nation 282 -- EUGENIA PAULICELLI -- 15 The media 293 -- CHRISTOPHER WAGSTAFF -- 16 Since Verdi: Italian serious music 1860-1995 311 -- JOHN C. G. WATERHOUSE -- 17 Folk music and popular song from the nineteenth century to -- the 199os 325 -- ALESSANDRO CARRERA -- 18 Epilogue: Italian culture or multiculture in the new -- millennium? 337 -- REBECCA J. WEST -- Index 347. |
| 650 #7 - SUBJECT ADDED ENTRY--TOPICAL TERM | |
| Topical term or geographic name as entry element | Arts, Italian |
| Chronological subdivision | 20th century. |
| Source of heading or term | BUEsh |
| 650 #7 - SUBJECT ADDED ENTRY--TOPICAL TERM | |
| Topical term or geographic name as entry element | Arts, Italian |
| Chronological subdivision | 19th century. |
| Source of heading or term | BUEsh |
| 651 #7 - SUBJECT ADDED ENTRY--GEOGRAPHIC NAME | |
| Geographic name | Italy |
| General subdivision | Civilization |
| Chronological subdivision | 20th century. |
| Source of heading or term | BUEsh |
| 651 #7 - SUBJECT ADDED ENTRY--GEOGRAPHIC NAME | |
| Geographic name | Italy |
| General subdivision | Civilization |
| Chronological subdivision | 19th century. |
| Source of heading or term | BUEsh |
| 651 #7 - SUBJECT ADDED ENTRY--GEOGRAPHIC NAME | |
| Geographic name | Italy |
| General subdivision | Intellectual life |
| Chronological subdivision | 20th century. |
| Source of heading or term | BUEsh |
| 651 #7 - SUBJECT ADDED ENTRY--GEOGRAPHIC NAME | |
| Geographic name | Italy |
| General subdivision | Intellectual life |
| Chronological subdivision | 19th century. |
| Source of heading or term | BUEsh |
| 655 ## - INDEX TERM--GENRE/FORM | |
| Form subdivision | Reading book |
| 700 1# - ADDED ENTRY--PERSONAL NAME | |
| Personal name | BaranÌ?ski, Zygmunt G., |
| Relator term | editor. |
| 700 1# - ADDED ENTRY--PERSONAL NAME | |
| Personal name | West, Rebecca J., |
| Dates associated with a name | 1946- |
| Relator term | editor. |
| 856 41 - ELECTRONIC LOCATION AND ACCESS | |
| Materials specified | Sample text |
| Uniform Resource Identifier | <a href="http://www.loc.gov/catdir/samples/cam031/00053014.html">http://www.loc.gov/catdir/samples/cam031/00053014.html</a> |
| 856 41 - ELECTRONIC LOCATION AND ACCESS | |
| Materials specified | Publisher description |
| Uniform Resource Identifier | <a href="http://www.loc.gov/catdir/description/cam021/00053014.html">http://www.loc.gov/catdir/description/cam021/00053014.html</a> |
| 856 41 - ELECTRONIC LOCATION AND ACCESS | |
| Materials specified | Table of Contents |
| Uniform Resource Identifier | <a href="http://www.loc.gov/catdir/toc/fy02/00053014.html">http://www.loc.gov/catdir/toc/fy02/00053014.html</a> |
| 942 ## - ADDED ENTRY ELEMENTS (KOHA) | |
| Koha item type | Book - Borrowing |
| Source of classification or shelving scheme | Dewey Decimal Classification |
| Withdrawn status | Lost status | Source of classification or shelving scheme | Damaged status | Not for loan | Collection code | Home library | Current library | Shelving location | Date acquired | Source of acquisition | Total Checkouts | Full call number | Barcode | Date last seen | Date checked out | Price effective from | Koha item type |
|---|---|---|---|---|---|---|---|---|---|---|---|---|---|---|---|---|---|
| Dewey Decimal Classification | Alahram | Central Library | Central Library | Second Floor | 25/10/2007 | Purchase | 1 | 945.08 CAM | 000006649 | 23/10/2025 | 16/10/2025 | 25/10/2007 | Book - Borrowing |